000 02331cam a22005174i 4500
003 PE-LiUPU
005 20250731173509.0
008 150616s1994 miu rb 000 0 eng d
020 _a0802824358
035 _a(Sirsi) i9780802824356
040 _aPE-LiUPU
_bspa
_cPE-LiUPU
_erda
049 _aPRUA
082 0 4 _a226.695
_bW68
_221
100 1 _aWinter, Bruce W.,
_eautor.
245 1 4 _aThe book of Acts and Paul in Roman Custody /
_cBruce W. Winter.
264 1 _aGrand Rapids, Michigan :
_bWilliam B. Eerdmans Publishing Co.,
_c1994.
300 _a512 páginas ;
_c24 centímetros.
336 _atext
_2rdacontent
337 _aunmediated
_2rdamedia
338 _avolume
_2rdacarrier
490 0 _aThe Book of Acts in first century setting3
504 _aBibliografía: páginas 453-477.
505 0 _aThe purposes and Varieties of Custody in the Roman World -- The Role of The Magistrate in sending People into Custody -- Paul's Citizenship and Status -- Philippi -- Jerualem -- Caesarea -- Rome -- The conditions of Life in Prison -- Paul's Custody in Rome -- Prison Culture -- The Shame of bonds -- The Prisoner's Life -- Paul's Helperss -- The Prisoner Paul's Divine Helper in ActsPaul -- History.
526 _aSEG42
526 _aSEG41
526 _aSEG40
526 _aSEG39
526 _aP94
526 _aP87
526 _aP86
526 _aP85
526 _aP77
526 _aP76
526 _aP35
600 1 _aPablo de Tarso,
_d2 a. C -- c. 66 d. C.
910 _ajck
_bjvq
_cjck
942 _2ddc
_cBOOK
949 _a226.695 W68
_wDEWEY
_c1
_i44572
_lCCODEBUL1
_mBUL
_r0
_sY
_tBOOK
_u2015-4-23
_xTEOLOGIA
_zUNKNOWN
_0COMPRA
_o.STAFF. Colección General
949 _a226.695 W68
_wDEWEY
_c2
_i40613
_lCCODEBUL1
_mBUL
_r0
_sY
_tBOOK
_u2015-6-16
_xTEOLOGIA
_zUNKNOWN
_0COMPRA
_o.STAFF. Colección General
994 _aC0
_bPEPRU
596 _a1
999 _a226.695 W68
_wDEWEY
_c58400
_i44572
_f2021-11-9
_g5
_lCCODEBUL1
_mBUL
_p51.61
_r0
_sY
_tBOOK
_u2015-4-23
_xTEOLOGIA
_PP35
_0COMPRA
_o.STAFF. Colección Teología
_d58400
999 _a226.695 W68
_wDEWEY
_c2
_i40613
_f2021-11-9
_g5
_lCCODEBUL1
_mBUL
_p51.61
_r0
_sY
_tBOOK
_u2015-6-16
_xTEOLOGIA
_PP35
_0COMPRA
_o.STAFF. Colección Teología
980 _81
_gALBERTO SANCHEZ Responsable de Automatización